| 000 | 00391nam a2200133Ia 4500 | ||
|---|---|---|---|
| 008 | 211109s9999||||xx |||||||||||||| ||und|| | ||
| 082 |
_a894.8121 _bCHE-S |
||
| 100 | _aCherian Mappila Kattakayam, | ||
| 245 | 0 | _aSreeyeshu Vijayam Mahakaviyam | |
| 260 |
_bNATIONAL BOOKSTALL _aKottayam _c1900 |
||
| 630 | _xGeneral Stack | ||
| 650 |
_amalayalam Literature _vLiterature _xGeneralia |
||
| 942 | _cBOOK | ||
| 999 |
_c5372 _d5372 |
||